00642cam a2200181 450000100100000000500170001000800410002702000150006804000250008308200150010810000320012324500830015526000450023830000210028359000260030495201130033099900170044300001825320200929165425.0730924s1972 xxc rb 000 0beng  a0771019157 aDO-SdBNPbspacBNPHU axxxxbxxxx1 aCasgrain, Therese F.93954310aA woman in a man's world /cTherese F. Casgrain ; traducción Joyce Marshall. aCanada :bMcClelland and Stewart,c1972. a192 p. ;c24 cm. aInventariado, 2019/BT 001050718MOaGRbGRcCTd2010-04-22iLF1l0oxxxx xxxxp18253-10r2020-06-25w2020-06-25y1ZNo se presta c17774d17774